000 00348 a2200169 4500
001 192500
020 _a978-85-206-1681-1
040 _cMagnum
100 _aFrança, Mary
240 1 0 _aA roupa do rei
_lpor
245 1 0 _aA roupa do rei
300 _a16
362 0 _a2012
440 1 _aGlobal
697 _aLITERATURA INFANTIL
942 _cBK
999 _c192500
_d192500